Statystyki dla Miasta najbliżej Płocka

Kliknij tutaj aby rozwiązać quiz!

Ogólne statystyki

  • Ten quiz został rozwiązany 32 razy
  • Średni wynik to 7 z 20

Statystyki odpowiedzi

OdległośćMiasto% Poprawnych
20 kmGostynin
79%
44 kmWłocławek
75%
35 kmSierpc
71%
41 kmKutno
68%
47 kmPłońsk
64%
39 kmWyszogród
61%
17 kmGąbin
57%
30 kmDrobin
54%
27 kmDobrzyń nad Wisłą
29%
27 kmSanniki
29%
24 kmBodzanów
25%
36 kmKowal
25%
46 kmCzerwińsk nad Wisłą
18%
33 kmKiernozia
18%
39 kmRaciąż
18%
42 kmSkępe
18%
34 kmŻychlin
14%
48 kmKrośniewice
11%
47 kmChodecz
7%
38 kmLubień Kujawski
7%

Rozkład punktacji

Percentyl według liczby udzielonych odpowiedzi

Procent ludzi z każdym wynikiem

Twoja historia wyników

Nie rozwiązałeś tego quizu